Analyse der Wirtschaftssprache Englisch anhand der Beispiele aus den Wirtschaftsmagazinen The Economist und Newsweek

Gespeichert in:
Bibliographische Detailangaben
1. Verfasser: Lančarič, Daniel
Weitere Verfasser: Fifiková, Dominika, 1987-
Format: Buchkapitel
Sprache:Deutsch
Schlagworte:
Tags: Tag hinzufügen
Keine Tags, Fügen Sie das erste Tag hinzu!

MARC

LEADER 00000naa$a2200000$$$4500
001 0241611
005 20240502083648.4
041 0 |a ger 
044 |a DE 
245 1 0 |a Analyse der Wirtschaftssprache Englisch anhand der Beispiele aus den Wirtschaftsmagazinen The Economist und Newsweek  |c Daniel Lančarič, Dominika Fifiková 
610 2 0 |a jazyk odborný 
610 2 0 |a jazyky cudzie 
610 2 0 |a angličtina 
610 2 0 |a časopisy 
610 2 0 |a tlač 
100 1 |a Lančarič, Daniel 
700 1 |a Fifiková, Dominika, 1987-